Armada international

Detalles Bibliográficos
Formato: Desconocido
Lenguaje:inglés
Publicado: [Zurich, Switzerland]: [Internationale Armada Aktiengesellschaft]
Materias:
Acceso en línea:Acceso restringido

MARC

LEADER 00000ny a22000003n 4500
005 20110511132512.0
006 s r p s a0
007 cr cnu---m|a|a
008 800130c1977 sz brzp j 0 a0eng c
010 |a 80640160 
022 |a 0252-9793 
035 |a 2995 
040 |a WaSeSS  |d vLex 
082 |a 338.4/76234/05 
090 |c 1675  |d 1675 
245 0 0 |a Armada international  |h [Recurso electrn̤ico] 
256 |a Servicio en ln̕ea. 
260 |a [Zurich, Switzerland]:  |b [Internationale Armada Aktiengesellschaft] 
310 |a Quincenal 
506 1 |a Contenido solo disponible en los productos indicados  |d vLex Global  |d vLex Global (Academic Edition, excluding Law Schools)  |d vLex Global (Academic Edition, Law Schools) 
650 0 4 |a Armas de fuego  |x Industria y comercio  |x Publicaciones perid̤icas 
740 0 |a vLex Revista (Servicios en ln̕ea) 
843 |a Electrn̤ica. Abierta 
853 |8 1  |i (year)  |j (month)  |k (day) 
856 4 0 |z Acceso restringido  |u http://vlex.com/account/login_ip?fuente_id=2995  
942 |c REV 
999 0 |a Firearms industry and trade  |v Periodicals. 
999 0 |a Weapons industry  |v Periodicals.